| 000 | 00938nam a2200277 a 4500 | ||
|---|---|---|---|
| 001 | 001483913 | ||
| 003 | AR-RoUNCS | ||
| 005 | 20251212123117.0 | ||
| 008 | 190906s2019 ag fr 001 0 spa | ||
| 015 | _aAR-2019 | ||
| 020 | _a978-987-538-648-8 | ||
| 040 |
_aAR-BaBN _bspa _cAR-BaBN _eaacr |
||
| 044 |
_aag _car-c |
||
| 080 | 1 |
_a028.1(07) _22016 |
|
| 100 | 1 |
_aGlozman, Mara _eautora _4aut |
|
| 245 | 1 | 0 |
_aManual para estudiar textos académicos : _bprácticas, conceptos y métodos en los procesos de lectura y escritura / _cMara Glozman, Karina Savio ; con prólogo de Elvira Narvaja de Arnoux. |
| 250 | _a1a ed. | ||
| 260 |
_aBuenos Aires : _bNoveduc, _c2019. |
||
| 300 |
_a244 p. ; _c28 cm. |
||
| 490 | 0 |
_aColección Universidad _v21 |
|
| 650 | 7 |
_aEstudio _2embne _xMétodos |
|
| 650 | 7 |
_aLectura _xTécnicas _2embne |
|
| 700 | 1 | _aSavio, Karina | |
| 700 | 1 |
_aNarvaja de Arnoux, Elvira, _d1946- _eprologuista _4aui |
|
| 942 |
_2udc _cLPD _n0 |
||
| 999 |
_c843 _d843 |
||